Score 0/20 Timer 04:00
0 Plays Today
Movie Title Missing Word % Correct
Mission: _____ IIIImpossible
97.2%
_____: Impossible – FalloutMission
97%
Shaun of the _____Dead
96.9%
How to Lose ____ & Alienate PeopleFriends
87.8%
Star Wars: The ____ AwakensForce
87.2%
Ice Age: Continental _____*Drift
83%
_____ FuzzHot
82.9%
Star _____Trek
80.4%
The _____ of Tintin*Adventures
79.6%
Star Trek Into _____Darkness
75.4%
Movie Title Missing Word % Correct
_____ Fatboy _____Run
74.8%
Mission: Impossible - _____ ProtocolGhost
74.4%
Ready ____ OnePlayer
72.2%
The World's _____End
67.1%
Ice Age: Dawn of the _____*Dinosaurs
57.3%
The Chronicles of Narnia: The _____ of the Dawn TreaderVoyage
54.5%
Hector and the _____ for Happiness Search
41.7%
Kill Me _____ Times Three
38.5%
Star Trek ____Beyond
27.8%
The Cloverfield ____Paradox
26.3%

Today's Daily Dose

Missing Word
TV NA - NZ

Word Ladder
Neck and Neck

Quick Pick
'Q' Places

You're not logged in!

Compare scores with friends on all Sporcle quizzes.
OR
Log In

Sporcle TV

Today on Sporcle TV


Watch our educational content, quiz creation guides, and fun videos on Sporcle TV.

Show Comments

Extras

Top Quizzes Today


Score Distribution

Paid Content

Your Account Isn't Verified!

In order to create a playlist on Sporcle, you need to verify the email address you used during registration. Go to your Sporcle Settings to finish the process.

Report this User

Report this user for behavior that violates our Community Guidelines.

Details: